<?xml version="1.0" encoding="UTF-8"?>
<record
    xmlns:xsi="http://www.w3.org/2001/XMLSchema-instance"
    xsi:schemaLocation="http://www.loc.gov/MARC21/slim http://www.loc.gov/standards/marcxml/schema/MARC21slim.xsd"
    xmlns="http://www.loc.gov/MARC21/slim">

  <leader>02365nam0a2200385   4500</leader>
  <controlfield tag="001">RU\NLR\bibl\42312</controlfield>
  <controlfield tag="005">20260406205339.0</controlfield>
  <datafield tag="010" ind1=" " ind2=" ">
    <subfield code="a">5-86911-225-7</subfield>
    <subfield code="9">150</subfield>
  </datafield>
  <datafield tag="021" ind1=" " ind2=" ">
    <subfield code="a">RU</subfield>
    <subfield code="b">99-21132</subfield>
    <subfield code="9">1030</subfield>
  </datafield>
  <datafield tag="035" ind1=" " ind2=" ">
    <subfield code="a">(NLR Aleph) 000041239</subfield>
  </datafield>
  <datafield tag="090" ind1=" " ind2=" ">
    <subfield code="a">215705</subfield>
    <subfield code="c">215705</subfield>
  </datafield>
  <datafield tag="100" ind1=" " ind2=" ">
    <subfield code="a">19990809d1999    |||y0rusy50      ca</subfield>
  </datafield>
  <datafield tag="101" ind1="0" ind2=" ">
    <subfield code="a">rus</subfield>
  </datafield>
  <datafield tag="102" ind1=" " ind2=" ">
    <subfield code="a">RU</subfield>
  </datafield>
  <datafield tag="105" ind1=" " ind2=" ">
    <subfield code="a">y   |||||||||</subfield>
  </datafield>
  <datafield tag="200" ind1="1" ind2=" ">
    <subfield code="a">&#x41D;&#x430;&#x443;&#x447;&#x43D;&#x43E;-&#x442;&#x435;&#x445;&#x43D;&#x438;&#x447;&#x435;&#x441;&#x43A;&#x438;&#x439; &#x438; &#x43D;&#x430;&#x443;&#x447;&#x43D;&#x43E;-&#x43E;&#x431;&#x440;&#x430;&#x437;&#x43E;&#x432;&#x430;&#x442;&#x435;&#x43B;&#x44C;&#x43D;&#x44B;&#x439; &#x43A;&#x43E;&#x43C;&#x43F;&#x43B;&#x435;&#x43A;&#x441;&#x44B; &#x440;&#x435;&#x433;&#x438;&#x43E;&#x43D;&#x430;: &#x43F;&#x440;&#x43E;&#x431;&#x43B;&#x435;&#x43C;&#x44B; &#x438; &#x43F;&#x435;&#x440;&#x441;&#x43F;&#x435;&#x43A;&#x442;&#x438;&#x432;&#x44B; &#x440;&#x430;&#x437;&#x432;&#x438;&#x442;&#x438;&#x44F;</subfield>
    <subfield code="e">&#x41C;&#x430;&#x442;&#x435;&#x440;&#x438;&#x430;&#x43B;&#x44B; &#x43D;&#x430;&#x443;&#x447;.-&#x43F;&#x440;&#x430;&#x43A;&#x442;. &#x43A;&#x43E;&#x43D;&#x444;., [19-20 &#x43D;&#x43E;&#x44F;&#x431;. 1998 &#x433;.]</subfield>
    <subfield code="f">[&#x420;&#x435;&#x434;&#x43A;&#x43E;&#x43B;.: ... &#x428;&#x438;&#x440;&#x44F;&#x435;&#x432; &#x41B;.&#x410;. (&#x43D;&#x430;&#x443;&#x447;. &#x440;&#x435;&#x434;.)]</subfield>
  </datafield>
  <datafield tag="210" ind1=" " ind2=" ">
    <subfield code="a">&#x423;&#x444;&#x430;</subfield>
    <subfield code="c">&#x423;&#x444;&#x438;&#x43C;. &#x433;&#x43E;&#x441;. &#x430;&#x432;&#x438;&#x430;&#x446;. &#x442;&#x435;&#x445;&#x43D;. &#x443;&#x43D;-&#x442;</subfield>
    <subfield code="d">1999</subfield>
  </datafield>
  <datafield tag="215" ind1=" " ind2=" ">
    <subfield code="a">255 &#x441;.</subfield>
    <subfield code="d">20</subfield>
  </datafield>
  <datafield tag="300" ind1=" " ind2=" ">
    <subfield code="a">&#x412; &#x43D;&#x430;&#x434;&#x437;&#x430;&#x433;.: &#x413;&#x43E;&#x441;. &#x43A;&#x43E;&#x43C;. &#x420;&#x435;&#x441;&#x43F;. &#x411;&#x430;&#x448;&#x43A;&#x43E;&#x440;&#x442;&#x43E;&#x441;&#x442;&#x430;&#x43D; &#x43F;&#x43E; &#x43D;&#x430;&#x443;&#x43A;&#x435;, &#x432;&#x44B;&#x441;&#x448;. &#x438; &#x441;&#x440;&#x435;&#x434;. &#x43F;&#x440;&#x43E;&#x444;. &#x43E;&#x431;&#x440;&#x430;&#x437;&#x43E;&#x432;&#x430;&#x43D;&#x438;&#x44E;, &#x410;&#x43A;&#x430;&#x434;. &#x43D;&#x430;&#x443;&#x43A; &#x420;&#x435;&#x441;&#x43F;. &#x411;&#x430;&#x448;&#x43A;&#x43E;&#x440;&#x442;&#x43E;&#x441;&#x442;&#x430;&#x43D;, &#x423;&#x444;&#x438;&#x43C;. &#x433;&#x43E;&#x441;. &#x430;&#x432;&#x438;&#x430;&#x446;. &#x442;&#x435;&#x445;&#x43D;. &#x443;&#x43D;-&#x442;</subfield>
  </datafield>
  <datafield tag="606" ind1="1" ind2=" ">
    <subfield code="a">&#x41E;&#x431;&#x440;&#x430;&#x437;&#x43E;&#x432;&#x430;&#x43D;&#x438;&#x435;</subfield>
    <subfield code="j">&#x421;&#x431;&#x43E;&#x440;&#x43D;&#x438;&#x43A;&#x438;</subfield>
    <subfield code="y">&#x411;&#x430;&#x448;&#x43A;&#x43E;&#x440;&#x442;&#x43E;&#x441;&#x442;&#x430;&#x43D;, &#x420;&#x435;&#x441;&#x43F;&#x443;&#x431;&#x43B;&#x438;&#x43A;&#x430;</subfield>
    <subfield code="9">2302221</subfield>
    <subfield code="3">RU\NLR\AUTH\661378276</subfield>
  </datafield>
  <datafield tag="606" ind1="0" ind2=" ">
    <subfield code="a">&#x41D;&#x430;&#x440;&#x43E;&#x434;&#x43D;&#x43E;&#x435; &#x43E;&#x431;&#x440;&#x430;&#x437;&#x43E;&#x432;&#x430;&#x43D;&#x438;&#x435;</subfield>
    <subfield code="j">&#x421;&#x431;&#x43E;&#x440;&#x43D;&#x438;&#x43A;&#x438;</subfield>
    <subfield code="y">&#x411;&#x430;&#x448;&#x43A;&#x43E;&#x440;&#x442;&#x43E;&#x441;&#x442;&#x430;&#x43D;, &#x420;&#x435;&#x441;&#x43F;&#x443;&#x431;&#x43B;&#x438;&#x43A;&#x430;</subfield>
    <subfield code="9">2082253</subfield>
    <subfield code="3">RU\NLR\auth\661258272</subfield>
  </datafield>
  <datafield tag="606" ind1="0" ind2=" ">
    <subfield code="a">&#x41D;&#x430;&#x440;&#x43E;&#x434;&#x43D;&#x43E;&#x435; &#x43E;&#x431;&#x440;&#x430;&#x437;&#x43E;&#x432;&#x430;&#x43D;&#x438;&#x435;</subfield>
    <subfield code="j">&#x421;&#x44A;&#x435;&#x437;&#x434;&#x44B;, &#x441;&#x43E;&#x432;&#x435;&#x449;&#x430;&#x43D;&#x438;&#x44F; &#x438; &#x442;.&#x43F;.</subfield>
    <subfield code="y">&#x411;&#x430;&#x448;&#x43A;&#x43E;&#x440;&#x442;&#x43E;&#x441;&#x442;&#x430;&#x43D;, &#x420;&#x435;&#x441;&#x43F;&#x443;&#x431;&#x43B;&#x438;&#x43A;&#x430;</subfield>
    <subfield code="9">2082253</subfield>
    <subfield code="3">RU\NLR\auth\661258272</subfield>
  </datafield>
  <datafield tag="606" ind1="0" ind2=" ">
    <subfield code="a">&#x41D;&#x430;&#x443;&#x43A;&#x430;</subfield>
    <subfield code="j">&#x421;&#x431;&#x43E;&#x440;&#x43D;&#x438;&#x43A;&#x438;</subfield>
    <subfield code="y">&#x411;&#x430;&#x448;&#x43A;&#x43E;&#x440;&#x442;&#x43E;&#x441;&#x442;&#x430;&#x43D;, &#x420;&#x435;&#x441;&#x43F;&#x443;&#x431;&#x43B;&#x438;&#x43A;&#x430;</subfield>
    <subfield code="9">2102840</subfield>
    <subfield code="3">RU\NLR\auth\661271588</subfield>
  </datafield>
  <datafield tag="606" ind1="0" ind2=" ">
    <subfield code="a">&#x41D;&#x430;&#x443;&#x43A;&#x430;</subfield>
    <subfield code="j">&#x421;&#x44A;&#x435;&#x437;&#x434;&#x44B;, &#x441;&#x43E;&#x432;&#x435;&#x449;&#x430;&#x43D;&#x438;&#x44F; &#x438; &#x442;.&#x43F;.</subfield>
    <subfield code="y">&#x411;&#x430;&#x448;&#x43A;&#x43E;&#x440;&#x442;&#x43E;&#x441;&#x442;&#x430;&#x43D;, &#x420;&#x435;&#x441;&#x43F;&#x443;&#x431;&#x43B;&#x438;&#x43A;&#x430;</subfield>
    <subfield code="9">2102840</subfield>
    <subfield code="3">RU\NLR\auth\661271588</subfield>
  </datafield>
  <datafield tag="686" ind1="1" ind2=" ">
    <subfield code="a">&#x427;34(2&#x420;-6&#x411;&#x430;&#x448;)</subfield>
  </datafield>
  <datafield tag="686" ind1="1" ind2=" ">
    <subfield code="a">&#x427;214(2&#x420;-6&#x411;)&#x44F;431</subfield>
  </datafield>
  <datafield tag="702" ind1=" " ind2="1">
    <subfield code="a">&#x428;&#x438;&#x440;&#x44F;&#x435;&#x432;</subfield>
    <subfield code="b">&#x41B;. &#x410;.</subfield>
    <subfield code="4">340</subfield>
  </datafield>
  <datafield tag="712" ind1="0" ind2="1">
    <subfield code="4">570</subfield>
    <subfield code="a">&#x420;&#x435;&#x441;&#x43F;&#x443;&#x431;&#x43B;&#x438;&#x43A;&#x430; &#x411;&#x430;&#x448;&#x43A;&#x43E;&#x440;&#x442;&#x43E;&#x441;&#x442;&#x430;&#x43D;</subfield>
    <subfield code="b">&#x41A;&#x43E;&#x43C;&#x438;&#x442;&#x435;&#x442; &#x43F;&#x43E; &#x43D;&#x430;&#x443;&#x43A;&#x435;, &#x432;&#x44B;&#x441;&#x448;&#x435;&#x43C;&#x443; &#x438; &#x441;&#x440;&#x435;&#x434;&#x43D;&#x435;&#x43C;&#x443; &#x43F;&#x440;&#x43E;&#x444;&#x435;&#x441;&#x441;&#x438;&#x43E;&#x43D;&#x430;&#x43B;&#x44C;&#x43D;&#x43E;&#x43C;&#x443; &#x43E;&#x431;&#x440;&#x430;&#x437;&#x43E;&#x432;&#x430;&#x43D;&#x438;&#x44E;</subfield>
    <subfield code="3">RU\NLR\AUTH\889965923</subfield>
    <subfield code="9">428138</subfield>
  </datafield>
  <datafield tag="801" ind1=" " ind2="0">
    <subfield code="a">RU</subfield>
    <subfield code="b">NLR</subfield>
    <subfield code="c">19990809</subfield>
    <subfield code="g">PSBO</subfield>
  </datafield>
  <datafield tag="801" ind1=" " ind2="1">
    <subfield code="a">RU</subfield>
    <subfield code="b">NLR</subfield>
    <subfield code="c">19990809</subfield>
  </datafield>
  <datafield tag="852" ind1=" " ind2=" ">
    <subfield code="a">NLR</subfield>
    <subfield code="j">99-3/8704</subfield>
  </datafield>
  <datafield tag="942" ind1=" " ind2=" ">
    <subfield code="c">BOOK</subfield>
  </datafield>
  <datafield tag="980" ind1=" " ind2=" ">
    <subfield code="a">NB</subfield>
  </datafield>
  <datafield tag="995" ind1=" " ind2=" ">
    <subfield code="5">2013-10-26</subfield>
    <subfield code="b">NLR01</subfield>
    <subfield code="c">NLR01</subfield>
    <subfield code="e">RF8</subfield>
    <subfield code="f">41239-10</subfield>
    <subfield code="k">99-3/8704</subfield>
    <subfield code="o">0</subfield>
    <subfield code="r">BOOK</subfield>
    <subfield code="s">9938704_</subfield>
  </datafield>
</record>
